00398nam a22001337a 4500008004100000041000800041080000800049100000700057101000800064245005100072942001200123999001700135952011200152180227b xxu||||| |||| 00| 0 eng d aeng a573 a11 abio ahandbook of soybean insect pestscleon.g.c 2udccBK c43526d43526 00102udc40708PËKGa002b002cPËKGd2018-02-27l0o573 leop002-3000084r2018-02-27w2018-02-27yBK